000
00324nam a22001337a 4500
008
171031b xxu||||| |||| 00| 0 eng d
020
_a
2900618749347
041
_a
eng
080
_2
7TH
_a
33
100
_a
59
101
_a
BUS
245
_a
BUSINESS ETHICS ETHICAL DECISION MAKING AND CASES
_c
FERRELL,O.C
942
_2
udc
_c
BK
999
_c
36846
_d
36846